| 000 | 00522nam a22001577a 4500 | ||
|---|---|---|---|
| 003 | NUST | ||
| 038 | _aNusrat Nadeem | ||
| 082 | _a200 | ||
| 100 |
_aShahzadi, Maham _9131696 |
||
| 245 |
_aEvaluation of Lightweight Cipher Primitives Against Grover’s Search Algorithm/ _cMaham Shahzadi, |
||
| 264 |
_aIslamabad: _bSEECS NUST. _c2025. |
||
| 650 |
_aMS- Information Security _927215 |
||
| 700 |
_aSupervisor: Dr. Madiha Khalid _9129118 |
||
| 856 | _uhttp://10.250.8.41:8080/xmlui/handle/123456789/56054 | ||
| 942 |
_2ddc _cSC |
||
| 999 |
_c615304 _d615304 |
||